Movie Titles - Hilarious Foreign Translations (Edited) - Statistics

General Stats
  • This quiz has been taken 63 times
  • The average score is 14 of 35
Answer Stats
Foreign Title Lead Actor American Title Country % Correct
The Teeth From the Sea Roy Scheider Jaws France
82%
The Young People Who Traverse Dimensions While Wearing Sunglasses Keanu Reeves The Matrix France
80%
Die Slowly Bruce Willis Die Hard Germany
71%
I Will Marry a Prostitute to Save Money Richard Gere Pretty Woman China
70%
Very Bad Trip Bradley Cooper The Hangover France
66%
He’s a Ghost! Bruce Willis The Sixth Sense China
63%
Night of the Knight Christian Bale The Dark Knight Spain
61%
Vaseline John Travolta Grease Argentina
57%
Santa is a Pervert Billy Bob Thornton Bad Santa Czech Republic
55%
The Boy Who Drowned in Chocolate Sauce Gene Wilder Willy Wonka and the Chocolate Factory Denmark
52%
Austin Powers: The Spy Who Behaved Very Nicely around Me Mike Myers Austin Powers: The Spy Who Shagged Me Malaysia
50%
The Unbelievable Trip in a Wacky Airplane Leslie Neilson Airplane! Germany
48%
Imaginary Dead Baseball Players Live in My Cornfield Kevin Costner Field of Dreams China (Hong Kong)
48%
Slightly Pregnant Seth Rogan Knocked Up Peru
45%
The 8th Passenger is Death Sigourney Weaver Alien Hungary
43%
The Man Who Killed His Mother Anthony Perkins Psycho Portugal
43%
American Virgin Man Seann William Scott American Pie China
39%
Big Dumb Monkey Man Keeps Whacking Tree With Genitals Brendan Fraser George of the Jungle China (Hong Kong)
39%
Mysterious Murder in Snowy Cream Frances McDormond Fargo China
36%
Run! Run! Cloudzilla! Helen Hunt Twister China
30%
Expert in Fun Matthew Broderick Ferris Bueller's Day Off Spain
29%
Because She's Ugly Drew Barrymore Never Been Kissed Philippines
29%
If You Leave Me, I Delete You Jim Carey Eternal Sunshine of the Spotless Mind Italy
25%
Just Send Him to University Unqualified Tom Cruise Risky Business China
25%
The Urban Neurotic Diane Keaton Annie Hall Germany
23%
Help! My Pretend Boyfriend Is Gay Julia Roberts My Best Friend's Wedding China (Hong Kong)
23%
Excitement 1995 Tim Robbins The Shawshank Redemption China
23%
Rain of Falafel Bill Hader Cloudy with a Chance of Meatball Israel
21%
Die Slowly, Now More than Ever Bruce Willis Die Hard With a Vengeance Germany
21%
Don't Look at Me: I Can't Hear You Gene Wilder See No Evil Hear No Evil Italy
20%
Mr. Cat Poop Jack Nicholson As Good As It Gets China
18%
His Great Device Makes Him Famous Mark Wahlberg Boogie Nights China
18%
Please Do Not Touch the Old Women Zero Mostel The Producers Italy
11%
Delicate Orbs of Womanhood Bigger Than Your Head Can Hurt You Pamela Anderson Barb Wire China (Hong Kong)
5%
Big Liar Anthony Hopkins Nixon China
2%
No matching quizzes found
Score Distribution
Percent of People with Each Score
Percentile by Number Answered
Your Score History
You have not taken this quiz